| 000 | 00745nam a2200253Ia 4500 | ||
|---|---|---|---|
| 003 | OSt | ||
| 005 | 20220928125606.0 | ||
| 006 | a|||||r|||| 00| 0 | ||
| 007 | ta | ||
| 008 | 220927b |||||||| |||| 00| 0 eng d | ||
| 020 | _c3930.7136999999998 | ||
| 024 | _a115447 | ||
| 037 |
_b245 A, 29/02/2012, Classic Book Service _cTextual |
||
| 040 |
_aSDCL _cSDCL _beng |
||
| 041 |
_2eng _aeng |
||
| 082 | _aC51, Q1 | ||
| 100 |
_aPowers Peter E _9470457 |
||
| 245 | 0 | _aFundamentals of nonlinear optics. | |
| 260 |
_aBoca Raton _b CRC Press _c2011 |
||
| 300 |
_axviii,312p _ccm. |
||
| 650 | _aElectronic Science | ||
| 942 |
_hC51, Q1 _cTEXL _2CC |
||
| 999 |
_c783168 _d783168 |
||